00795nam a2200181 a 450000100060000000300090000600800410001504000280005608200170008410000300010124501540013126000610028530000070034649000200035350501800037365000230055365000370057622482CO-ViMGA141112s2004 ck r 000 u spa d aCO-ViMGAbspacCO-ViMGA04a372.86 I514a1 aForero Bulla, Clara Maria10aLos imaginarios de los jovenes ante la educación fisica : bLa educación fisica, una oportunidad de encontramos con nosotros mismos y con el otro aBogotá : bUniversidad Cooperativa de Colombia, c2005 a99 aInvestigación aImaginarios de los adolecentes ante la educación fisica 13 - - Area tematica y antecedentes investigativos : un encuentro con el joven 15 - - Diseño metodologico 46 - 57 14aeducación FISICA14aPROFESORES DE educación FISICA